00639nam a2200241Ia 450000500170000000800460001702000180006303700100008104000080009104000080009904000080010704100080011504100080012308400080013124500320013926000260017126000090019765000200020685600490022694200100027599900210028595200910030620260306150808.0008 260114s9999 xx 000 0 eng d a9780300157925 aEbook aCRL beng cCRL 2eng aeng qCRL 0aRage, Power, and Aggression bYale University Press c1993 aSocial Sciences uhttps://www.degruyter.com/isbn/9780300157925 cEBOOK c1699690d1699690 00104070aCRLbCRLd2026-03-06l0pCL2001226r2026-03-06 15:08:08w2026-03-06yEBOOK